[Event "Rated Blitz game"]
[Site "?"]
[Date "2021.05.31"]
[Round "?"]
[White "Beutlin1"]
[Black "Junior072001"]
[Result "0-1"]
[WhiteElo "2427"]
[BlackElo "2358"]
[PlyCount "82"]
[EventDate "2021.??.??"]
[EventType "blitz"]

1. e4 e5 2. Nf3 d5 3. exd5 e4 4. Ng1 Nf6 5. c4 Bc5 6. d4 exd3 7. Bxd3 O-O 8.
Ne2 c6 9. dxc6 Ng4 10. O-O Qh4 11. Bf4 Bxf2+ 12. Kh1 g5 13. Bd6 Nxc6 14. Nd2
Rd8 15. Nf3 Qh5 16. Bg3 Ne3 17. Rxf2 Nxd1 18. Rxd1 Bg4 19. h3 Be6 20. b3 g4 21.
Nh4 gxh3 22. gxh3 Rd4 23. Rg1 Rxd3 24. Nf4 Qd1 25. Rxd1 Rxd1+ 26. Kh2 Rad8 27.
Nf3 Ra1 28. Re2 Rdd1 29. Ng5 Rh1+ 30. Kg2 Rag1+ 31. Kf3 Nd4+ 32. Kf2 Nxe2 33.
Nxe2 Rf1+ 34. Ke3 Bxh3 35. Ne4 Bg4 36. Nf4 Rf3+ 37. Kd4 Rd1+ 38. Ke5 Re1 39.
Nd5 f5 40. Ndf6+ Kf7 41. Nxg4 fxg4 {Time forfeit} 0-1

[Event "Rated Blitz game"]
[Site "?"]
[Date "2021.05.31"]
[Round "?"]
[White "LucaVialli"]
[Black "annaly1979"]
[Result "0-1"]
[WhiteElo "2452"]
[BlackElo "2408"]
[PlyCount "136"]
[EventDate "2021.??.??"]
[EventType "blitz"]

1. e4 e5 2. Nf3 d5 3. Nxe5 Qe7 4. d4 f6 5. Nd3 Nc6 6. c3 Bf5 7. Nc5 Bxe4 8.
Nxe4 Qxe4+ 9. Be3 Bd6 10. Nd2 Qe6 11. Bb5 Nge7 12. O-O O-O 13. Re1 Qf5 14. Qf3
Qc2 15. Rab1 a6 16. Bf1 Rad8 17. Qh3 Kh8 18. Bf4 Qf5 19. Qxf5 Nxf5 20. Bxd6
Nxd6 21. Bd3 f5 22. f3 Rde8 23. Kf2 g6 24. Nb3 Kg7 25. Nc5 Rxe1 26. Rxe1 Re8
27. Ne6+ Kf6 28. Nxc7 Rxe1 29. Kxe1 Ne7 30. Kf2 f4 31. b4 Ndf5 32. Bxf5 Kxf5
33. a4 g5 34. Ke2 h5 35. Kd3 g4 36. c4 dxc4+ 37. Kxc4 h4 38. fxg4+ Kxg4 39. Ne6
Nf5 40. Kc5 Ne3 41. d5 Kf5 42. Nd4+ Kf6 43. Ne2 Nxg2 44. Nc3 Ne1 45. Ne4+ Ke7
46. d6+ Kd7 47. Kd5 f3 48. Nf6+ Kd8 49. Ng4 Nd3 50. Ke6 f2 51. Ne3 Nf4+ 52. Kf5
Ng2 53. Nf1 Ne1 54. Kg4 Nd3 55. Kxh4 Nxb4 56. Kg3 Nd5 57. h4 b5 58. Kxf2 bxa4
59. Nd2 a3 60. Nb3 a5 61. Ke2 a4 62. Na1 Kd7 63. Kd3 Kxd6 64. Kc4 Nf4 65. Kb4
a2 66. Kxa4 Ng6 67. Ka3 Nxh4 68. Kxa2 Nf3 {Time forfeit} 0-1

[Event "Rated Blitz game"]
[Site "?"]
[Date "2021.05.31"]
[Round "?"]
[White "maze_runner2021"]
[Black "annaly1979"]
[Result "0-1"]
[WhiteElo "2485"]
[BlackElo "2417"]
[PlyCount "32"]
[EventDate "2021.??.??"]
[EventType "blitz"]

1. e4 e5 2. Nf3 d5 3. Nxe5 Qe7 4. d4 f6 5. Qh5+ g6 6. Nxg6 Qxe4+ 7. Be2 Qxg6 8.
Qxd5 Ne7 9. Qf3 Nbc6 10. c3 Bf5 11. Na3 h5 12. Bf4 O-O-O 13. Nb5 Nd5 14. O-O-O
h4 15. c4 Nxf4 16. Qxf4 Bh6 {Normal} 0-1

[Event "Rated Blitz tournament dIVGoydL"]
[Site "?"]
[Date "2021.05.31"]
[Round "?"]
[White "GMJOEY93"]
[Black "Jorny_Too_Pass"]
[Result "1-0"]
[WhiteElo "2638"]
[BlackElo "2246"]
[PlyCount "91"]
[EventDate "2021.??.??"]
[EventType "blitz"]

1. e4 e5 2. Nf3 d5 3. d4 dxe4 4. Nxe5 Bd6 5. Nc4 Nf6 6. Bg5 O-O 7. Nc3 Bf5 8.
Be2 Be7 9. O-O Nbd7 10. f3 exf3 11. Bxf3 Bg6 12. Bxb7 Rb8 13. Bf3 c5 14. dxc5
Bxc5+ 15. Kh1 Qc7 16. Nd5 Nxd5 17. Bxd5 Ne5 18. Nxe5 Qxe5 19. Bf4 Qxb2 20. Bxb8
Qxb8 21. Bb3 Qe5 22. Qf3 Bd6 23. Qh3 a5 24. Rae1 Qb2 25. a4 Bb4 26. Re2 Qd4 27.
Ref2 h6 28. Qg3 Kh7 29. Qf4 Qd7 30. Bc4 Bd6 31. Qf3 Qc7 32. Bd3 Rb8 33. Qxf7
Bxd3 34. Qxc7 Bxc7 35. cxd3 Rb4 36. Ra2 Be5 37. g3 Kg6 38. Kg2 h5 39. Re1 Bf6
40. Re6 Kf5 41. Ra6 h4 42. Rxa5+ Kg6 43. Rb5 Rd4 44. a5 hxg3 45. hxg3 Rxd3 46.
a6 {Normal} 1-0

[Event "Rated Blitz game"]
[Site "?"]
[Date "2021.05.31"]
[Round "?"]
[White "jill_valentine3798"]
[Black "KinzyabulatovRenat"]
[Result "1-0"]
[WhiteElo "2539"]
[BlackElo "2391"]
[PlyCount "153"]
[EventDate "2021.??.??"]
[EventType "blitz"]

1. e4 e5 2. Nf3 d5 3. d4 dxe4 4. Nxe5 Bd6 5. Nc4 Nf6 6. Nc3 O-O 7. Bg5 Be7 8.
Qd2 Nc6 9. O-O-O h6 10. Bh4 Re8 11. d5 Nxd5 12. Bxe7 Ndxe7 13. Qxd8 Rxd8 14.
Rxd8+ Nxd8 15. Nxe4 Bf5 16. Ng3 Be6 17. Be2 Ndc6 18. Rd1 Rd8 19. Rxd8+ Nxd8 20.
a3 Ndc6 21. Ne3 Nd4 22. Bd3 g6 23. b4 Nec6 24. c3 Ne5 25. Be4 Ndc6 26. f4 f5
27. fxe5 fxe4 28. Nxe4 Nxe5 29. Nc5 Bc8 30. Kd2 b6 31. Nd3 Nxd3 32. Kxd3 Kf7
33. Kd4 Ke6 34. c4 c6 35. c5 h5 36. h4 Ba6 37. g3 Be2 38. Ke4 b5 39. Kf4 Kf6
40. Nc2 Bc4 41. Nd4 Bd5 42. Ne2 Bh1 43. Nc3 Bg2 44. a4 a6 45. a5 Bh1 46. Ne2
Bg2 47. Nd4 Bd5 48. Nc2 Bh1 49. Ne3 Ke6 50. Kg5 Be4 51. Kf4 Bh1 52. Nd1 Kf6 53.
Nf2 Bd5 54. g4 Bg2 55. gxh5 gxh5 56. Nd3 Ke6 57. Kg3 Be4 58. Nf4+ Ke5 59. Nxh5
Kd4 60. Kf4 Bb1 61. Ng7 Kc4 62. Nf5 Kxb4 63. h5 Ba2 64. Ne7 Bb1 65. Ng6 Ba2 66.
h6 Bg8 67. Ke5 Kxc5 68. Kf6 b4 69. Kg7 b3 70. Kxg8 b2 71. h7 b1=Q 72. h8=Q
Qxg6+ 73. Kf8 Qf5+ 74. Ke7 Kb5 75. Qb2+ Kxa5 76. Qa3+ Kb6 77. Qb4+ {Time
forfeit} 1-0

[Event "Rated Blitz game"]
[Site "?"]
[Date "2021.05.31"]
[Round "?"]
[White "gmftorres1"]
[Black "KinzyabulatovRenat"]
[Result "0-1"]
[WhiteElo "2476"]
[BlackElo "2410"]
[PlyCount "78"]
[EventDate "2021.??.??"]
[EventType "blitz"]

1. e4 e5 2. Nf3 d5 3. Nxe5 Bd6 4. d4 dxe4 5. Nc4 Nf6 6. Nc3 O-O 7. Bg5 Be7 8.
Be2 Nc6 9. Be3 Bb4 10. O-O Bxc3 11. bxc3 Nd5 12. Bd2 f5 13. f3 Nf6 14. a4 Kh8
15. Rb1 a5 16. Kh1 b6 17. Bf4 Nd5 18. Bd2 Ba6 19. Qe1 Qe7 20. fxe4 fxe4 21. Qg3
e3 22. Be1 Rxf1+ 23. Bxf1 e2 24. Bd2 exf1=Q+ 25. Rxf1 Bxc4 26. Re1 Qf7 27. h3
Rf8 28. Qh4 h6 29. Kh2 Nce7 30. Bxh6 gxh6 31. Qxh6+ Kg8 32. Re5 Qf4+ 33. Qxf4
Rxf4 34. Kg3 Rf5 35. Re6 Kf7 36. Rh6 Nxc3 37. Kh4 Ng6+ 38. Kg3 Ne4+ 39. Kh2 Kg7
{Normal} 0-1

[Event "Rated Blitz tournament VvSyW9nZ"]
[Site "?"]
[Date "2021.05.31"]
[Round "?"]
[White "akakigacho"]
[Black "cuerosky"]
[Result "1-0"]
[WhiteElo "2440"]
[BlackElo "2276"]
[PlyCount "77"]
[EventDate "2021.??.??"]
[EventType "blitz"]

1. e4 e5 2. Nf3 d5 3. Nc3 dxe4 4. Nxe4 Nf6 5. Nxf6+ Qxf6 6. d3 h6 7. Be2 Nc6 8.
Be3 Bd6 9. c4 Bf5 10. c5 Be7 11. b4 Rd8 12. b5 Nd4 13. Bxd4 exd4 14. O-O Bxc5
15. Rc1 Bb6 16. a4 O-O 17. Qd2 Rfe8 18. Rfe1 c6 19. a5 Bc7 20. a6 Bc8 21. Qa2
Bf4 22. Rb1 bxa6 23. bxc6 Qxc6 24. Qa1 Bb7 25. Bd1 Rxe1+ 26. Nxe1 Bd2 27. Bf3
Qc3 28. Bxb7 Rb8 29. Be4 Re8 30. Nf3 g6 31. Qxa6 Qc2 32. Nxd2 Qxd2 33. h3 Kg7
34. g3 Re7 35. Qd6 Qg5 36. Qxd4+ Kh7 37. Rb8 f6 38. Qd8 Qc1+ 39. Kg2 {Normal}
1-0

[Event "Rated Blitz game"]
[Site "?"]
[Date "2021.05.31"]
[Round "?"]
[White "Vak2019"]
[Black "CreepyMovez"]
[Result "1-0"]
[WhiteElo "2406"]
[BlackElo "2297"]
[PlyCount "71"]
[EventDate "2021.??.??"]
[EventType "blitz"]

1. e4 e5 2. Nf3 d5 3. Nxe5 Bd6 4. d4 dxe4 5. Nc4 Be7 6. Nc3 Nf6 7. d5 O-O 8.
Be2 h6 9. Bf4 a6 10. a4 Re8 11. O-O Bc5 12. Be3 Bb4 13. Qd4 Bxc3 14. Qxc3 Nxd5
15. Qb3 Qf6 16. Rad1 Nf4 17. Bxf4 Qxf4 18. Rfe1 Nc6 19. c3 Rb8 20. Ne3 Be6 21.
Qc2 Ne5 22. Rd4 f5 23. Red1 Qg5 24. Kh1 Bf7 25. Nd5 Bh5 26. Bxh5 Qxh5 27. Nxc7
Ng4 28. h3 Rf8 29. Ne6 Rf6 30. Nf4 Qh4 31. g3 Qg5 32. hxg4 Qxg4 33. Qe2 Qxe2
34. Nxe2 Rd6 35. Rxd6 Rd8 36. Rxd8+ {Time forfeit} 1-0

[Event "Rated Blitz game"]
[Site "?"]
[Date "2021.05.31"]
[Round "?"]
[White "NazmiShala"]
[Black "annaly1979"]
[Result "0-1"]
[WhiteElo "2227"]
[BlackElo "2405"]
[PlyCount "174"]
[EventDate "2021.??.??"]
[EventType "blitz"]

1. e4 e5 2. Nf3 d5 3. Nxe5 Qe7 4. d4 f6 5. Nd3 Nc6 6. Be3 dxe4 7. Nc5 f5 8. g3
Nf6 9. Nb3 Qf7 10. N1d2 Bd7 11. Bc4 Qg6 12. h4 h5 13. Bg5 Bd6 14. Nc5 Bxc5 15.
dxc5 O-O-O 16. Qe2 Nd4 17. Qd1 Bc6 18. Rf1 Rhe8 19. Be3 Nf3+ 20. Nxf3 exf3 21.
Qc1 Ng4 22. Bd3 Qf6 23. a4 f4 24. gxf4 Qxh4 25. Bf5+ Kb8 26. Bxg4 hxg4 27. b4
g3 28. b5 gxf2+ 29. Rxf2 Qxf4 30. bxc6 Rxe3+ 31. Kf1 Rde8 32. Qb1 Qc4+ 33. Kg1
b6 34. cxb6 axb6 35. a5 R8e6 36. c3 Rg6+ 37. Qxg6 Re6 38. Qxg7 Qxc6 39. axb6
Rg6+ 40. Qxg6 Qxg6+ 41. Kf1 cxb6 42. Rxf3 Qe4 43. Kf2 Kb7 44. Rf1 Ka6 45. Kg2
Kb5 46. R1f2 Kc4 47. Kg3 Qg6+ 48. Kh3 b5 49. Rg2 Qh5+ 50. Kg3 Kb3 51. Rh2 Qe5+
52. Kg2 Qe2+ 53. Kg3 Qe1+ 54. Kg4 Qg1+ 55. Kh3 Qg6 56. Rg2 Qe4 57. Kg3 Qe1+ 58.
Kh2 Qh4+ 59. Rh3 Qf4+ 60. Rhg3 Kc4 61. Kg1 Kc5 62. Rg5+ Kb6 63. Rg6+ Ka5 64.
R2g3 Qc1+ 65. Kg2 Qc2+ 66. Kh3 Ka4 67. R6g4+ Ka5 68. Kh4 Qh7+ 69. Kg5 Qf7 70.
Rf4 Qe7+ 71. Kg4 Qe2+ 72. Kh3 Qh5+ 73. Rh4 Qf5+ 74. Kh2 Qf6 75. Rhg4 Qh6+ 76.
Kg1 Qc1+ 77. Kh2 Qd2+ 78. Kh3 Qf2 79. Rg5 Ka4 80. R5g4+ Ka5 81. Rg5 Ka6 82.
Rg6+ Kb7 83. Rg7+ Kc6 84. R7g6+ Kc5 85. R6g5+ Kc4 86. R5g4+ Kb3 87. Rb4+ Ka3 {
Time forfeit} 0-1

[Event "Rated Blitz game"]
[Site "?"]
[Date "2021.05.31"]
[Round "?"]
[White "fankasp"]
[Black "annaly1979"]
[Result "1-0"]
[WhiteElo "2426"]
[BlackElo "2424"]
[PlyCount "93"]
[EventDate "2021.??.??"]
[EventType "blitz"]

1. e4 e5 2. Nf3 d5 3. exd5 e4 4. Nd4 c5 5. Nb3 f5 6. Bb5+ Nd7 7. d3 Ngf6 8. Nc3
a6 9. Bxd7+ Bxd7 10. O-O Bd6 11. Be3 b6 12. h3 h6 13. f4 O-O 14. a4 Qe7 15.
dxe4 Nxe4 16. Nxe4 Qxe4 17. Qd2 Rae8 18. Rae1 Qxa4 19. Nc1 Bb5 20. b3 Qa3 21.
c4 Bd7 22. Bf2 b5 23. Rxe8 Rxe8 24. Re1 Rxe1+ 25. Bxe1 Kf7 26. g3 b4 27. Qc2
Qa1 28. Nd3 a5 29. Kg2 a4 30. bxa4 Bxa4 31. Qe2 Qf6 32. Ne5+ Kg8 33. Bf2 Bb3
34. Qb2 Bd1 35. Qa1 Bc2 36. Qa8+ Kh7 37. Qc6 Bxe5 38. fxe5 Qxe5 39. Qxc5 Be4+
40. Kh2 b3 41. Qd4 Qd6 42. Be1 Qa3 43. Bc3 Qa2+ 44. Bb2 Kg6 45. Qxg7+ Kh5 46.
g4+ Kh4 47. Qf6# {Normal} 1-0

[Event "Rated Blitz game"]
[Site "?"]
[Date "2021.05.31"]
[Round "?"]
[White "Quijoteajedrecista"]
[Black "annaly1979"]
[Result "1-0"]
[WhiteElo "2446"]
[BlackElo "2423"]
[PlyCount "85"]
[EventDate "2021.??.??"]
[EventType "blitz"]

1. e4 e5 2. Nf3 d5 3. exd5 e4 4. Qe2 f5 5. d3 Nf6 6. Nfd2 Be7 7. dxe4 fxe4 8.
Nc3 Bf5 9. Ndxe4 Nxe4 10. Nxe4 O-O 11. Ng3 Bb4+ 12. c3 Re8 13. Be3 Bc5 14.
O-O-O Bxe3+ 15. fxe3 Bg6 16. e4 Nd7 17. h4 Ne5 18. Kb1 b5 19. h5 Bf7 20. Nf5
Qf6 21. g4 b4 22. g5 Qb6 23. c4 b3 24. a3 Nd7 25. g6 hxg6 26. hxg6 Bxg6 27. Qh2
Bxf5 28. exf5 Nf6 29. Bd3 Rad8 30. Rdg1 Kf7 31. Rxg7+ Kxg7 32. Qh6+ Kf7 33.
Qg6+ Ke7 34. Qg7+ Kd6 35. Qxf6+ Kc5 36. Qc3 Rh8 37. Rc1 Rh3 38. f6 Rf3 39. f7
Rxf7 40. Qe5 Qf6 41. Qe3+ Qd4 42. Qd2 Rf2 43. Qb4# {Normal} 1-0

[Event "Rated Blitz game"]
[Site "?"]
[Date "2021.05.31"]
[Round "?"]
[White "ericLH"]
[Black "magos33"]
[Result "1-0"]
[WhiteElo "2435"]
[BlackElo "2355"]
[PlyCount "137"]
[EventDate "2021.??.??"]
[EventType "blitz"]

1. e4 e5 2. Nf3 d5 3. Nxe5 Bd6 4. d4 dxe4 5. Nc4 Nf6 6. Nc3 O-O 7. Be2 Bf5 8.
Bg5 Be7 9. O-O Nc6 10. d5 Nb4 11. Bxf6 Bxf6 12. d6 cxd6 13. Nxd6 Bg6 14. Ndxe4
Bxc3 15. Nxc3 Nxc2 16. Rc1 Nd4 17. Bf3 Nxf3+ 18. Qxf3 Qb6 19. b3 Rad8 20. Nd5
Qe6 21. Nf4 Qe4 22. Nxg6 Qxg6 23. Qxb7 a5 24. h3 Rd2 25. Rc8 Qd6 26. Rxf8+ Qxf8
27. Rc1 h6 28. Rc8 Rd8 29. Rxd8 Qxd8 30. Qb5 Qd1+ 31. Kh2 Qd6+ 32. g3 Qd2 33.
Qe8+ Kh7 34. Qxf7 Qxa2 35. Kg2 Qd2 36. Qf5+ Kh8 37. h4 Qc3 38. Qf3 Qb4 39. Qd5
Kh7 40. Kf3 Kh8 41. Qa8+ Kh7 42. Qe4+ Qxe4+ 43. Kxe4 Kg6 44. g4 h5 45. g5 Kf7
46. f4 g6 47. f5 gxf5+ 48. Kxf5 Kg7 49. Ke6 Kg6 50. Ke7 Kf5 51. Kf7 Ke4 52. g6
Kd3 53. g7 Kc3 54. g8=Q Kxb3 55. Qg5 a4 56. Qxh5 a3 57. Qa5 a2 58. h5 Kb2 59.
h6 a1=Q 60. Qe5+ Ka2 61. Qxa1+ Kxa1 62. h7 Kb2 63. h8=Q+ Kc2 64. Qf6 Kd3 65.
Ke7 Ke4 66. Qe6+ Kf4 67. Kd7 Kg5 68. Qd6 Kf5 69. Kc6 {Time forfeit} 1-0

[Event "Rated Blitz game"]
[Site "?"]
[Date "2021.05.31"]
[Round "?"]
[White "Furrumba"]
[Black "annaly1979"]
[Result "0-1"]
[WhiteElo "2569"]
[BlackElo "2405"]
[PlyCount "152"]
[EventDate "2021.??.??"]
[EventType "blitz"]

1. e4 e5 2. Nf3 d5 3. exd5 e4 4. Qe2 f5 5. d3 Nf6 6. Nc3 Bb4 7. dxe4 Bxc3+ 8.
bxc3 fxe4 9. c4 O-O 10. Nd2 c5 11. Bb2 Bf5 12. Qe3 Nbd7 13. Be2 Qb6 14. Qb3 Qc7
15. h3 Rae8 16. O-O-O b6 17. g4 Bg6 18. Rdf1 Ne5 19. f4 exf3 20. Nxf3 Nexg4 21.
hxg4 Rxe2 22. g5 Rxc2+ 23. Qxc2 Bxc2 24. gxf6 Bd3 25. fxg7 Qf4+ 26. Nd2 Qxf1+
27. Nxf1 Rxf1+ 28. Rxf1 Bxf1 29. d6 Bh3 30. Kd2 Be6 31. Ke3 Kf7 32. Ke4 Ke8 33.
Ke5 Kd7 34. a3 Bxc4 35. a4 a6 36. Bc1 b5 37. axb5 axb5 38. Be3 b4 39. Bxc5 b3
40. Ba3 h5 41. Bb2 h4 42. Kf4 h3 43. Kg3 Be6 44. g8=Q Bxg8 45. Kxh3 Kxd6 46.
Kg3 Kd5 47. Kf3 Kc4 48. Ke2 Be6 49. Kd2 Bf5 50. Kc1 Kd3 51. Bh8 Be6 52. Kb2 Kc4
53. Bc3 Kd3 54. Bg7 Ke2 55. Bh8 Kd1 56. Bg7 Bd5 57. Bh8 Be4 58. Bg7 Bc2 59. Bh8
Kd2 60. Bg7 Kd3 61. Bh8 Kc4 62. Bg7 Kd5 63. Bh8 Ke6 64. Bg7 Kf7 65. Bh8 Kg8 66.
Bc3 Kh7 67. Bd2 Kg6 68. Bc3 Kf5 69. Bd2 Ke4 70. Bc3 Kd3 71. Bb4 Bd1 72. Ba3 Kc4
73. Bb4 Kxb4 74. Kc1 Ka3 75. Kb1 Bc2+ 76. Ka1 b2# {Normal} 0-1

[Event "Rated Blitz game"]
[Site "?"]
[Date "2021.05.30"]
[Round "?"]
[White "Atraking"]
[Black "KinzyabulatovRenat"]
[Result "1-0"]
[WhiteElo "2404"]
[BlackElo "2354"]
[PlyCount "41"]
[EventDate "2021.??.??"]
[EventType "blitz"]

1. e4 e5 2. Nf3 d5 3. exd5 e4 4. Qe2 Nf6 5. d3 Qxd5 6. Nbd2 Nc6 7. Nxe4 Be6 8.
Nfg5 O-O-O 9. Nxe6 fxe6 10. c3 Ne5 11. Nxf6 gxf6 12. d4 Nc6 13. Qc4 Qd7 14. Be3
e5 15. O-O-O f5 16. g3 Bd6 17. dxe5 Nxe5 18. Qb3 Qc6 19. Bb5 Qf3 20. Bxa7 Ng4
21. Qe6+ {Normal} 1-0

[Event "Rated Blitz game"]
[Site "?"]
[Date "2021.05.30"]
[Round "?"]
[White "Itzhakr"]
[Black "KamranShirazi"]
[Result "1/2-1/2"]
[WhiteElo "2291"]
[BlackElo "2445"]
[PlyCount "136"]
[EventDate "2021.??.??"]
[EventType "blitz"]

1. e4 e5 2. Nf3 d5 3. exd5 e4 4. Ne5 Qxd5 5. d4 exd3 6. Nxd3 Bd6 7. Be2 Nc6 8.
Bf3 Qe6+ 9. Be3 Nd4 10. O-O Nxf3+ 11. Qxf3 Nf6 12. Re1 O-O 13. Bd4 Qg4 14. Qxg4
Nxg4 15. h3 Nh6 16. Nc3 Nf5 17. Be5 Be6 18. Rad1 Rad8 19. Nb5 Bc4 20. Bxd6 cxd6
21. Na3 Bxa2 22. b3 Nd4 23. Ra1 Nxc2 24. Nxc2 Bxb3 25. Nd4 Bc4 26. Nb2 Ba6 27.
Nf5 g6 28. Ne7+ Kg7 29. Nd5 Rc8 30. Nb4 Rfe8 31. Rxe8 Rxe8 32. Nxa6 Re2 33. Nc4
bxa6 34. Rxa6 d5 35. Nd6 Re7 36. Nb5 Re1+ 37. Kh2 Re2 38. f3 Rb2 39. Nxa7 d4
40. Rd6 Rb7 41. Nc6 Rb6 42. Kg1 d3 43. Kf1 Rb1+ 44. Kf2 Rb2+ 45. Ke3 Rxg2 46.
Kxd3 Rg3 47. Ke3 Rxh3 48. Rd7 Rh5 49. f4 Rf5 50. Ne5 h5 51. Ke4 h4 52. Nf3 h3
53. Rd2 f6 54. Rh2 Rb5 55. Rxh3 Rb3 56. Ng5 Rb4+ 57. Kf3 fxg5 58. fxg5 Rb5 59.
Rg3 Rf5+ 60. Kg2 Rf4 61. Kh3 Rf1 62. Rg4 Rh1+ 63. Kg2 Rg1+ 64. Kxg1 Kf7 65. Rg2
Ke6 66. Rc2 Ke5 67. Rc6 Kf5 68. Rxg6 Kxg6 {Time forfeit} 1/2-1/2

[Event "Rated Blitz tournament bnbuUZFR"]
[Site "?"]
[Date "2021.05.30"]
[Round "?"]
[White "Dr_Thomas_Tal"]
[Black "Maltinho"]
[Result "0-1"]
[WhiteElo "2447"]
[BlackElo "2537"]
[PlyCount "38"]
[EventDate "2021.??.??"]
[EventType "blitz"]

1. e4 e5 2. Nf3 d5 3. Bc4 dxc4 4. d3 cxd3 5. cxd3 Nc6 6. Nc3 Bd6 7. O-O Bg4 8.
h3 Bh5 9. g4 Bg6 10. d4 exd4 11. Nd5 Nge7 12. Bg5 f6 13. Bxf6 O-O 14. Bxe7 Nxe7
15. Nxe7+ Qxe7 16. Nxd4 Qxe4 17. Re1 Qf4 18. Re2 Qh2+ 19. Kf1 Qh1# {Normal} 0-1

[Event "Rated Blitz game"]
[Site "?"]
[Date "2021.05.30"]
[Round "?"]
[White "ferdipy"]
[Black "KinzyabulatovRenat"]
[Result "1/2-1/2"]
[WhiteElo "2441"]
[BlackElo "2366"]
[PlyCount "123"]
[EventDate "2021.??.??"]
[EventType "blitz"]

1. e4 e5 2. Nf3 d5 3. Nxe5 Bd6 4. d4 dxe4 5. Bc4 Bxe5 6. Qh5 Qe7 7. dxe5 Be6 8.
Bxe6 Qxe6 9. Nc3 Ne7 10. Nxe4 Nbc6 11. Bf4 Ng6 12. Bg3 O-O-O 13. O-O Ngxe5 14.
Bxe5 Qxe5 15. Qxe5 Nxe5 16. Rad1 f5 17. Ng5 h6 18. Ne6 Rxd1 19. Rxd1 g5 20. Rd5
Nc4 21. b3 Nd6 22. c4 Re8 23. Re5 Nf7 24. Re2 Nd8 25. Nd4 Rxe2 26. Nxe2 Ne6 27.
f4 Kd7 28. Kf2 Kd6 29. Ke3 Kc5 30. a3 a5 31. g3 a4 32. fxg5 hxg5 33. Kd3 axb3
34. Kc3 f4 35. gxf4 gxf4 36. h4 f3 37. Ng3 f2 38. Ne4+ Kc6 39. Nxf2 Nc5 40. h5
Ne6 41. Kxb3 Kc5 42. Kc3 b5 43. Nd3+ Kb6 44. c5+ Ka5 45. h6 Ng5 46. Kb3 Nh7 47.
Ne5 Nf6 48. Ng4 Nh7 49. Kb2 b4 50. Kb3 bxa3 51. Kxa3 Kb5 52. Kb3 Kxc5 53. Kc3
Kd5 54. Kd3 c5 55. Ne3+ Ke5 56. Kc4 Kf6 57. Kxc5 Kg6 58. Kd5 Kxh6 59. Ke4 Nf6+
60. Kf5 Kg7 61. Ng4 Kf7 62. Nxf6 {Normal} 1/2-1/2

[Event "Rated Blitz game"]
[Site "?"]
[Date "2021.05.30"]
[Round "?"]
[White "oj_ossa"]
[Black "Chesspirate_Channel"]
[Result "1-0"]
[WhiteElo "2479"]
[BlackElo "2410"]
[PlyCount "111"]
[EventDate "2021.??.??"]
[EventType "blitz"]

1. e4 e5 2. Nf3 d5 3. Nc3 d4 4. Ne2 Nc6 5. Ng3 h5 6. Bb5 h4 7. Ne2 Bd6 8. h3
Nge7 9. d3 f6 10. Bd2 a6 11. Ba4 Be6 12. Bb3 Qd7 13. c3 dxc3 14. bxc3 O-O-O 15.
Bxe6 Qxe6 16. Qb3 Qxb3 17. axb3 Bc5 18. Nc1 Bb6 19. Ke2 Rd7 20. Be3 Bxe3 21.
Kxe3 f5 22. Ng5 Rhd8 23. f4 exf4+ 24. Kxf4 fxe4 25. Nxe4 Ng6+ 26. Kg5 Nge5 27.
d4 Nxd4 28. cxd4 Rxd4 29. Re1 Nf7+ 30. Kxh4 Nd6 31. Ra4 Rxa4 32. bxa4 Nxe4 33.
Rxe4 b5 34. axb5 axb5 35. Nb3 Kb7 36. Nc5+ Kb6 37. Ne6 Rd7 38. Kg5 c5 39. Nf8
Rd5+ 40. Kg6 c4 41. Kxg7 c3 42. Re1 b4 43. Ne6 b3 44. Nf4 Rd7+ 45. Kf6 c2 46.
Ke6 b2 47. Kxd7 b1=Q 48. Nd5+ Kc5 49. Rxb1 cxb1=Q 50. Nf4 Qh7+ 51. Ke6 Kd4 52.
Kf6 Qe4 53. g3 Qf3 54. Kf5 Ke3 55. h4 Qxg3 56. Ng6 {Time forfeit} 1-0

[Event "Rated Blitz game"]
[Site "?"]
[Date "2021.05.30"]
[Round "?"]
[White "How-2-Grow-A-Beard"]
[Black "annaly1979"]
[Result "1-0"]
[WhiteElo "2482"]
[BlackElo "2430"]
[PlyCount "43"]
[EventDate "2021.??.??"]
[EventType "blitz"]

1. e4 e5 2. Nf3 d5 3. exd5 e4 4. Nd4 c5 5. Nb3 f5 6. d3 Nf6 7. Nc3 Bd6 8. Bg5
O-O 9. Qd2 a6 10. O-O-O b5 11. dxe4 b4 12. Ne2 Nxe4 13. Bxd8 Nxd2 14. Nxd2 Rxd8
15. Nc4 Be7 16. h4 Nd7 17. Nf4 Nf6 18. d6 Bf8 19. Nb6 Ra7 20. Bc4+ Kh8 21. h5
Bxd6 22. Ng6+ {Normal} 1-0

[Event "Rated Blitz tournament bnbuUZFR"]
[Site "?"]
[Date "2021.05.30"]
[Round "?"]
[White "TheGroetzi"]
[Black "Frutek"]
[Result "0-1"]
[WhiteElo "2300"]
[BlackElo "2604"]
[PlyCount "52"]
[EventDate "2021.??.??"]
[EventType "blitz"]

1. e4 e5 2. Nf3 d5 3. Nxe5 Bd6 4. Ng4 dxe4 5. Bc4 Nf6 6. Nxf6+ Qxf6 7. Nc3 O-O
8. Qe2 Bf5 9. b3 Nc6 10. Bb2 Nd4 11. Qd1 Qg5 12. Kf1 Rae8 13. Ne2 Nxe2 14. Qxe2
Kh8 15. Qe3 Bf4 16. Qxa7 Bxd2 17. Qd4 e3 18. h4 Qh6 19. Rd1 Bxc2 20. Ra1 Rd8
21. Qg4 f5 22. Qf3 Be4 23. Qe2 exf2 24. Rd1 Be3 25. Rxd8 Rxd8 26. g3 Bxh1 {
Normal} 0-1

[Event "Rated Blitz tournament IclERrsw"]
[Site "?"]
[Date "2021.05.30"]
[Round "?"]
[White "StankovicDragan02"]
[Black "Madjrs72"]
[Result "1-0"]
[WhiteElo "2452"]
[BlackElo "2332"]
[PlyCount "29"]
[EventDate "2021.??.??"]
[EventType "blitz"]

1. e4 e5 2. Nf3 d5 3. Nxe5 Bd6 4. Nxf7 Kxf7 5. Qh5+ Kf8 6. Qxd5 Nf6 7. Qd3 Nc6
8. Be2 Ne5 9. Qe3 Neg4 10. Bxg4 Nxg4 11. Qe2 Nxh2 12. e5 Bg4 13. Qe3 Qh4 14.
Qf4+ Kg8 15. Rxh2 {Normal} 1-0

[Event "Rated Blitz game"]
[Site "?"]
[Date "2021.05.30"]
[Round "?"]
[White "Mata_Leyendas"]
[Black "Junior072001"]
[Result "1-0"]
[WhiteElo "2481"]
[BlackElo "2346"]
[PlyCount "111"]
[EventDate "2021.??.??"]
[EventType "blitz"]

1. e4 e5 2. Nf3 d5 3. Nxe5 dxe4 4. Bc4 Nh6 5. d4 Nd7 6. Nxd7 Qxd7 7. Bxh6 gxh6
8. Nc3 Bg7 9. Qh5 O-O 10. O-O-O Qg4 11. Qc5 c6 12. f3 exf3 13. gxf3 Qg5+ 14.
Qxg5 hxg5 15. Ne4 h6 16. h4 g4 17. Rhg1 Bf5 18. Nd6 Bg6 19. fxg4 b5 20. Bb3
Rad8 21. Nf5 Bxf5 22. gxf5 Kh7 23. c3 Bf6 24. Rg4 Rde8 25. Rd2 Re3 26. d5 c5
27. d6 c4 28. Bd1 Rh3 29. d7 Rxh4 30. Rxh4 Bxh4 31. Kc2 Bg5 32. Rd5 Rd8 33. Bh5
Kg7 34. Bg4 Kf6 35. b3 cxb3+ 36. Kxb3 Bf4 37. Bh5 a6 38. a4 bxa4+ 39. Kxa4 Be5
40. c4 Kxf5 41. Bxf7 Kf6 42. Be8 Bc3 43. c5 a5 44. c6 Be5 45. Rxe5 Kxe5 46. c7
Ra8 47. d8=Q Ra6 48. c8=Q Re6 49. Qxe6+ Kxe6 50. Qxa5 Ke7 51. Qh5 Kd8 52. Qxh6
Kc7 53. Kb5 Kb7 54. Qg7+ Kc8 55. Kc6 Kd8 56. Qd7# {Normal} 1-0

[Event "Rated Blitz game"]
[Site "?"]
[Date "2021.05.30"]
[Round "?"]
[White "krutoiizekb2003"]
[Black "malcriado007"]
[Result "1-0"]
[WhiteElo "2466"]
[BlackElo "2550"]
[PlyCount "53"]
[EventDate "2021.??.??"]
[EventType "blitz"]

1. e4 e5 2. Nf3 d5 3. d4 dxe4 4. Nxe5 Bd6 5. Nc3 Bxe5 6. dxe5 Qxd1+ 7. Nxd1 Nd7
8. Bf4 Ne7 9. Nc3 Ng6 10. Bg3 Ndxe5 11. Bxe5 Nxe5 12. Nxe4 Bf5 13. Ng3 Bxc2 14.
Rc1 Ba4 15. Rxc7 Bc6 16. Nf5 Kf8 17. f4 Ng6 18. Bc4 Re8+ 19. Kf2 Ne7 20. Nd6
Rd8 21. Nxf7 Rd2+ 22. Ke3 Rxg2 23. Rd1 Nf5+ 24. Kd3 Bf3 25. Re1 g5 26. Nxg5 Bc6
27. Rf7+ {Normal} 1-0

[Event "Rated Blitz tournament sbdUMgjJ"]
[Site "?"]
[Date "2021.05.30"]
[Round "?"]
[White "LANATER2020"]
[Black "Korshun_2022"]
[Result "1-0"]
[WhiteElo "2490"]
[BlackElo "2412"]
[PlyCount "93"]
[EventDate "2021.??.??"]
[EventType "blitz"]

1. e4 e5 2. Nf3 d5 3. Nxe5 Bd6 4. d4 dxe4 5. Nc4 Nf6 6. Nxd6+ Qxd6 7. c4 O-O 8.
Nc3 Bg4 9. Be2 Bxe2 10. Nxe2 Qb4+ 11. Bd2 Qxc4 12. Bc3 Nd5 13. O-O Qc6 14. Rc1
Qg6 15. Ng3 f5 16. Re1 c6 17. Qb3 Rf7 18. f3 e3 19. Ne2 f4 20. Bb4 Nd7 21. a4
N7f6 22. Bd6 Nh5 23. Be5 h6 24. a5 a6 25. Nc3 Rd8 26. Nxd5 Rxd5 27. Rc5 Rfd7
28. Rxd5 Rxd5 29. Qxb7 Kh7 30. Qxa6 c5 31. Qc4 Qe6 32. a6 Rxe5 33. Qxe6 Rxe6
34. Ra1 Re8 35. a7 Ra8 36. dxc5 Nf6 37. b4 Nd7 38. Kf1 Kg6 39. Ke2 Kf5 40. Kd3
Ke5 41. Kc4 g5 42. b5 g4 43. b6 Rc8 44. b7 Rxc5+ 45. Kb4 Rc6 46. b8=Q+ Ke6 47.
Qe8+ {Normal} 1-0